[Event "SR 4. liga A21 2014/2015"]
[Site "?"]
[Date "2015.03.15"]
[Round "11.3"]
[White "Kovarik, Oto"]
[Black "Jarabek, Milan"]
[Result "1/2-1/2"]
[WhiteElo "1926"]
[BlackElo "1690"]
[PlyCount "36"]
[EventDate "2014.??.??"]

1. e4 d6 2. d4 Nf6 3. Nc3 g6 4. Nf3 Bg7 5. h3 c6 6. Be3 Nbd7 7. Be2 b5 8. a3 a5
9. O-O O-O 10. Bd3 e5 11. d5 cxd5 12. exd5 Bb7 13. Bxb5 Nb6 14. Bc6 Bxc6 15.
dxc6 Nc4 16. Bc1 Re8 17. b3 Nb6 18. Bb2 d5 1/2-1/2

[Event "SR 4. liga A21 2014/2015"]
[Site "?"]
[Date "2015.03.15"]
[Round "11.3"]
[White "Harastova, Viera"]
[Black "Cerovsky, Marian"]
[Result "1-0"]
[WhiteElo "1876"]
[BlackElo "1847"]
[PlyCount "103"]
[EventDate "2014.??.??"]

1. d4 d5 2. c4 Nf6 3. Nc3 c6 4. Bg5 h6 5. Bh4 dxc4 6. a4 Qa5 7. Bxf6 exf6 8. e4
Bb4 9. Qc1 Be6 10. Nf3 Nd7 11. Be2 O-O 12. O-O Bxc3 13. Qxc3 Qxc3 14. bxc3 b5
15. Rfd1 Bg4 16. d5 cxd5 17. Rxd5 Bxf3 18. gxf3 Ne5 19. axb5 Rfb8 20. f4 Nd3
21. Bxd3 cxd3 22. Rd1 Rb6 23. R1xd3 Rab8 24. c4 Kf8 25. Rd7 a6 26. bxa6 Rxa6
27. Rc7 Ra1+ 28. Kg2 Rc1 29. Rdd7 Rc2 30. Rxf7+ Kg8 31. Rxg7+ Kf8 32. Rgf7+ Kg8
33. Rxf6 Rbb2 34. Rxh6 Rxf2+ 35. Kg3 Rg2+ 36. Kf3 Rbf2+ 37. Ke3 Re2+ 38. Kd4
Rd2+ 39. Ke5 Rd8 40. c5 Re2 41. f5 Re8+ 42. Re6 Rf8 43. Ree7 Rxh2 44. c6 Ra8
45. Rcd7 Rc2 46. c7 Ra5+ 47. Rd5 Rxd5+ 48. Kxd5 Kf8 49. Rh7 Ke8 50. c8=Q+ Rxc8
51. Rh8+ Kd7 52. Rxc8 1-0

[Event "SR 4. liga A21 2014/2015"]
[Site "?"]
[Date "2015.03.15"]
[Round "11.3"]
[White "Dubecky, Ladislav"]
[Black "Zlamal, Marek"]
[Result "0-1"]
[WhiteElo "1620"]
[BlackElo "1671"]
[PlyCount "32"]
[EventDate "2014.??.??"]

1. e4 c5 2. f4 Nc6 3. Nf3 d6 4. Bc4 e5 5. fxe5 dxe5 6. O-O Bg4 7. Bxf7+ Kd7 8.
Bd5 Bxf3 9. Qxf3 Nd4 10. Qg4+ Kc7 11. Na3 Nf6 12. Qg5 Nxd5 13. Qxe5+ Bd6 14.
Qxd5 Bxh2+ 15. Kxh2 Qh4+ 16. Kg1 Ne2# 0-1

[Event "SR 4. liga A21 2014/2015"]
[Site "?"]
[Date "2015.03.15"]
[Round "11.3"]
[White "Antalek, Rudolf"]
[Black "Blanarik, Dominik"]
[Result "1-0"]
[WhiteElo "1532"]
[BlackElo "1555"]
[PlyCount "57"]
[EventDate "2014.??.??"]

1. e4 d6 2. d4 Nf6 3. Nc3 g6 4. f4 Bg7 5. Nf3 Bg4 6. h3 Bxf3 7. Qxf3 Nc6 8. Be3
Qd7 9. O-O-O Nb4 10. Be2 O-O 11. g4 e6 12. h4 a5 13. h5 a4 14. hxg6 fxg6 15.
Qh3 Kf7 16. g5 Ne8 17. Bc4 c6 18. f5 d5 19. fxe6+ Qxe6 20. exd5 cxd5 21. Rdf1+
Ke7 22. Qxe6+ Kxe6 23. Rxf8 Bxf8 24. Bb5 Nd6 25. a3 Nc6 26. Rxh7 Nxb5 27. Nxb5
Rb8 28. Nc7+ Kd6 29. Bf4+ 1-0

[Event "SR 4. liga A21 2014/2015"]
[Site "?"]
[Date "2015.03.15"]
[Round "11.3"]
[White "Sprusansky, Ferdinand"]
[Black "Krakovsky, Matej"]
[Result "1-0"]
[WhiteElo "1417"]
[BlackElo "1078"]
[PlyCount "51"]
[EventDate "2014.??.??"]

1. e4 e5 2. Nf3 Nc6 3. Bb5 Nf6 4. Nc3 Bd6 5. d4 exd4 6. Nxd4 Nxd4 7. Qxd4 O-O
8. O-O Re8 9. Re1 Be5 10. Qd3 h6 11. Qf3 c6 12. Bc4 d5 13. exd5 Bg4 14. Qd3
Bxc3 15. Qxc3 cxd5 16. Bd3 d4 17. Qb4 Nd5 18. Rxe8+ Qxe8 19. Qd2 Rd8 20. b3 Nc3
21. Bb2 Ne4 22. Qf4 f5 23. h3 Bh5 24. Qxf5 Qg6 25. Qxe4 Qxe4 26. Bxe4 1-0

[Event "SR 4. liga A21 2014/2015"]
[Site "?"]
[Date "2015.03.15"]
[Round "11.4"]
[White "Pericka, Pavol"]
[Black "Ulehla, Jakub"]
[Result "1-0"]
[WhiteElo "1789"]
[BlackElo "1479"]
[PlyCount "57"]
[EventDate "2014.??.??"]

1. e4 e5 2. Bc4 Nf6 3. Nf3 Nc6 4. Ng5 d5 5. exd5 Na5 6. d3 h6 7. Nf3 Bg4 8.
Bb5+ c6 9. dxc6 bxc6 10. Ba4 Bd6 11. Bd2 Qc7 12. O-O Nb7 13. h3 Bh5 14. Nc3 O-O
15. Be3 Nd5 16. Ne4 Be7 17. Ng3 Bg6 18. a3 f5 19. Bd2 e4 20. Nd4 e3 21. Ne6
exf2+ 22. Kh2 Qd6 23. Nxf8 Rxf8 24. Qf3 Bh4 25. Bb3 f4 26. Ne4 Qe5 27. Qg4 f3+
28. g3 Bxe4 29. dxe4 1-0

[Event "SR 4. liga A21 2014/2015"]
[Site "?"]
[Date "2015.03.15"]
[Round "11.4"]
[White "Trojkova, Michaela"]
[Black "Sadlon, Matus"]
[Result "0-1"]
[WhiteElo "1461"]
[BlackElo "1591"]
[PlyCount "86"]
[EventDate "2014.??.??"]

1. e4 e5 2. Nf3 Nc6 3. Bc4 Nf6 4. Ng5 d5 5. exd5 Na5 6. Bb5+ c6 7. dxc6 bxc6 8.
Be2 Be7 9. O-O O-O 10. Nc3 Bf5 11. d3 Rb8 12. b3 Nd5 13. Nxd5 cxd5 14. Nf3 Bf6
15. Bb2 Qc7 16. Qd2 Nc6 17. Rfe1 Rfe8 18. Rac1 a5 19. Bf1 Bg4 20. Be2 Bxf3 21.
Bxf3 Qd8 22. c4 Bg5 23. Qc2 Nb4 24. Qd1 Bxc1 25. Qxc1 Nxd3 26. Qd2 Nxe1 27.
Qxe1 dxc4 28. Bd1 Re6 29. Bg4 Re7 30. Ba3 cxb3 31. Bxe7 Qxe7 32. axb3 Rxb3 33.
Qc1 Qb7 34. Bf5 g6 35. Bc2 Rc3 36. Qd2 Qb2 37. Qd8+ Kg7 38. Bd3 Qa1+ 39. Bf1
Rc1 40. Qd3 a4 41. g3 Rxf1+ 42. Qxf1 Qxf1+ 43. Kxf1 a3 0-1

[Event "SR 4. liga A21 2014/2015"]
[Site "?"]
[Date "2015.03.15"]
[Round "11.4"]
[White "Svarc, Vaclav"]
[Black "Kaufman, Robert"]
[Result "0-1"]
[WhiteElo "1094"]
[BlackElo "1127"]
[PlyCount "56"]
[EventDate "2014.??.??"]

1. e4 e5 2. Nf3 Nc6 3. Bc4 Bc5 4. c3 Nf6 5. O-O Nxe4 6. d4 exd4 7. cxd4 Bb4 8.
Bd2 Nxd2 9. Nbxd2 d5 10. Qe2+ Be6 11. Rad1 dxc4 12. a3 Bxd2 13. Rxd2 O-O 14.
Qe4 Bd5 15. Qf4 Ne7 16. Ng5 Ng6 17. Qg3 f5 18. Re1 c6 19. f4 Qd6 20. Qh3 h6 21.
Nf3 Nxf4 22. Re5 Nxh3+ 23. Kh1 Bxf3 24. gxf3 Rae8 25. f4 Nxf4 26. Rd1 Rxe5 27.
Kg1 Qg6+ 28. Kf1 Qg2# 0-1

[Event "SR 4. liga A21 2014/2015"]
[Site "?"]
[Date "2015.03.15"]
[Round "11.5"]
[White "Vepy, Ivan"]
[Black "Lanik, Miroslav"]
[Result "1/2-1/2"]
[WhiteElo "1923"]
[BlackElo "1895"]
[PlyCount "80"]
[EventDate "2014.??.??"]

1. e4 c5 2. Nf3 d6 3. d4 cxd4 4. Nxd4 Nf6 5. Bd3 a6 6. O-O e6 7. Nd2 Be7 8.
N2b3 Qc7 9. Kh1 Nc6 10. Nxc6 Qxc6 11. Be3 O-O 12. Nd4 Qc7 13. h3 b6 14. Qe2 Bb7
15. Bd2 Nd7 16. Rac1 Bf6 17. c3 Ne5 18. Bb1 Qc4 19. b3 Qxe2 20. Nxe2 Rac8 21.
Be3 Nd7 22. Rfd1 Be7 23. f3 Rfd8 24. c4 Nc5 25. Nc3 g6 26. Bf4 e5 27. Be3 Nd7
28. Nd5 Bxd5 29. Rxd5 Rb8 30. Rcd1 Nf6 31. R5d2 Ne8 32. Bd3 Nc7 33. Be2 Ne6 34.
Kh2 Kg7 35. g3 a5 36. f4 exf4 37. gxf4 Nc5 38. Bf3 f6 39. Kg3 Kf7 40. Bd4 h6
1/2-1/2

[Event "SR 4. liga A21 2014/2015"]
[Site "?"]
[Date "2015.03.15"]
[Round "11.5"]
[White "Palka, Miroslav"]
[Black "Vogl, Zdenek"]
[Result "1-0"]
[WhiteElo "1912"]
[BlackElo "1909"]
[PlyCount "110"]
[EventDate "2014.??.??"]

1. c4 Nf6 2. Nc3 e6 3. e4 d6 4. g3 Be7 5. Bg2 e5 6. Nge2 Nc6 7. d4 a6 8. d5 Nb8
9. Be3 Ng4 10. Bd2 f5 11. h3 Nf6 12. f4 fxe4 13. Qc2 O-O 14. Nxe4 Bf5 15. N2c3
Nbd7 16. O-O-O b5 17. g4 Bxe4 18. Nxe4 bxc4 19. Ng5 Nc5 20. Qxc4 h6 21. fxe5
hxg5 22. exf6 Bxf6 23. Bc3 Rb8 24. b3 Bxc3 25. Qxc3 Rf2 26. Rd2 Qf8 27. Qe3
Rxd2 28. Kxd2 Re8 29. Rf1 Rxe3 30. Rxf8+ Kxf8 31. Kxe3 a5 32. Kd4 Na6 33. a3
Nc5 34. Kc4 Ke7 35. b4 axb4 36. Kxb4 Kd8 37. Kb5 Kc8 38. Kc6 Nd7 39. Bf1 Ne5+
40. Kb5 Kb7 41. Be2 Ng6 42. Bf1 Nf4 43. Kc4 Kb6 44. Kd4 Ka5 45. Ke4 Ka4 46. h4
Ng6 47. h5 Nf4 48. Kf5 Nxd5 49. Kg6 Ne3 50. Be2 c5 51. Kxg7 c4 52. Bxc4 Nxc4
53. h6 Ne5 54. h7 Nxg4 55. h8=Q Kxa3 1-0

[Event "SR 4. liga A21 2014/2015"]
[Site "?"]
[Date "2015.03.15"]
[Round "11.5"]
[White "Kubik, Peter"]
[Black "Tokos, Rastislav"]
[Result "1/2-1/2"]
[WhiteElo "1826"]
[BlackElo "1827"]
[PlyCount "99"]
[EventDate "2014.??.??"]

1. e4 c5 2. Nf3 Nc6 3. d4 cxd4 4. Nxd4 d6 5. Nc3 Nf6 6. Bc4 a6 7. O-O e6 8. f4
Qb6 9. Be3 Qc7 10. f5 Nxd4 11. Qxd4 Ng4 12. fxe6 Bxe6 13. Nd5 Qc6 14. Bd2 Rc8
15. Bb3 Qc5 16. Bc3 Ne5 17. a4 Nc6 18. Qf2 Qxf2+ 19. Rxf2 Ne7 20. Raf1 Bxd5 21.
exd5 f6 22. Bd4 Ng6 23. Rf3 Ne5 24. Rc3 Rxc3 25. Bxc3 Be7 26. Kf2 Bd8 27. a5
Kf7 28. Ba4 Bc7 29. b4 Rc8 30. Bxe5 fxe5 31. Bd7 Rf8 32. Ke2+ Ke7 33. Rxf8 Kxf8
34. Bc8 b6 35. axb6 Bxb6 36. Bxa6 Ke7 37. Bc8 Kf6 38. Kd3 Bf2 39. Bg4 Ke7 40.
Ke2 Bg1 41. h4 Kf6 42. Kf3 Bd4 43. c4 Bc3 44. c5 Bxb4 45. c6 Ba5 46. Ke4 g6 47.
Be6 Bb6 48. g4 h6 49. Kd3 g5 50. hxg5+ 1/2-1/2

[Event "SR 4. liga A21 2014/2015"]
[Site "?"]
[Date "2015.03.15"]
[Round "11.5"]
[White "Fidericky, Milan"]
[Black "Hrubsa, Marian"]
[Result "0-1"]
[WhiteElo "1772"]
[BlackElo "1826"]
[PlyCount "64"]
[EventDate "2014.??.??"]

1. d4 d5 2. c4 e6 3. Nc3 Nf6 4. Bg5 Nbd7 5. Nf3 c6 6. e3 Qa5 7. Bxf6 Nxf6 8. a3
g6 9. Bd3 Bg7 10. O-O O-O 11. Rc1 Nd7 12. cxd5 exd5 13. Na4 a6 14. Qb3 Rb8 15.
Nc5 Nxc5 16. Rxc5 Qc7 17. Rfc1 Be6 18. Qc2 f5 19. b4 Rbd8 20. a4 f4 21. b5 axb5
22. axb5 fxe3 23. fxe3 Bh6 24. Qd2 Qe7 25. bxc6 bxc6 26. Rxc6 Bd7 27. Ne5 Bxc6
28. Rxc6 Qg5 29. Qc3 Qxe3+ 30. Kh1 Qf2 31. Qa1 Ra8 32. Qb1 Qxd4 0-1

[Event "SR 4. liga A21 2014/2015"]
[Site "?"]
[Date "2015.03.15"]
[Round "11.5"]
[White "Planka, Peter"]
[Black "Barcaj, Jaroslav"]
[Result "1/2-1/2"]
[WhiteElo "1764"]
[BlackElo "1600"]
[PlyCount "83"]
[EventDate "2014.??.??"]

1. e4 c5 2. Nf3 Nc6 3. d4 cxd4 4. Nxd4 d6 5. Be2 a6 6. O-O Nf6 7. Nc3 Qc7 8.
Re1 e6 9. Be3 Be7 10. Qd2 O-O 11. f3 b5 12. a3 Bb7 13. Bf1 Rac8 14. Rec1 Ne5
15. Qf2 Nc4 16. Bxc4 Qxc4 17. Qe2 Qc7 18. Qf2 d5 19. exd5 Nxd5 20. Nxd5 Bxd5
21. c3 Bd6 22. g3 f5 23. Bd2 e5 24. Ne2 f4 25. gxf4 exf4 26. Nd4 Bc5 27. Kh1
Qe5 28. Rg1 Qh5 29. Raf1 Rc6 30. Bxf4 Rxf4 31. Qg3 Rg6 32. Qxf4 Bd6 33. Qd2 Rh6
34. Rg2 Rf6 35. Qf2 Bf4 36. Rfg1 g6 37. Qe2 Kf7 38. Re1 Kg7 39. Qe7+ Rf7 40.
Qe2 Bd6 41. Ne6+ Kg8 42. Ng5 1/2-1/2

[Event "SR 4. liga A21 2014/2015"]
[Site "?"]
[Date "2015.03.15"]
[Round "11.6"]
[White "Podjavorinsky, Michal"]
[Black "Mackovic, Matus"]
[Result "1/2-1/2"]
[WhiteElo "1736"]
[BlackElo "1949"]
[PlyCount "58"]
[EventDate "2014.??.??"]

1. e4 c6 2. d4 d5 3. e5 Bf5 4. Nc3 e6 5. g4 Bg6 6. Nge2 h6 7. h4 c5 8. Be3 Qb6
9. dxc5 Bxc5 10. Bxc5 Qxc5 11. Qd4 Qxd4 12. Nxd4 a6 13. Na4 Ne7 14. Nb6 Ra7 15.
c3 Nd7 16. Nxd7 Kxd7 17. h5 Bh7 18. Kd2 Nc6 19. Nxc6 Kxc6 20. Bd3 Bxd3 21. Kxd3
b5 22. Rad1 Kb6 23. Ke3 Rc7 24. Rd4 Rhc8 25. Rhd1 a5 26. a3 Rc4 27. Rxc4 Rxc4
28. Rd4 Kc5 29. b4+ axb4 1/2-1/2

[Event "SR 4. liga A21 2014/2015"]
[Site "?"]
[Date "2015.03.15"]
[Round "11.6"]
[White "Mackovic, Miroslav"]
[Black "Miciak, Emanuel"]
[Result "1/2-1/2"]
[WhiteElo "1846"]
[BlackElo "1882"]
[PlyCount "96"]
[EventDate "2014.??.??"]

1. e4 e5 2. Nf3 Nc6 3. Bb5 a6 4. Ba4 Nf6 5. O-O Be7 6. Re1 b5 7. Bb3 O-O 8. c3
d6 9. h3 Na5 10. Bc2 c5 11. d4 Qc7 12. d5 Bd7 13. Nh2 c4 14. g4 h6 15. Nd2 Nh7
16. Ndf1 Bg5 17. Ng3 Nb7 18. Nhf1 Nc5 19. Ne3 g6 20. Ng2 Kg7 21. f4 exf4 22.
Bxf4 Bxf4 23. Nxf4 Rae8 24. Rf1 Re5 25. Ng2 Qd8 26. Qd4 $11 Kg8 27. b3 Qe7 28.
b4 Nb7 29. Qb6 Bc8 30. Qxa6 Ng5 31. Kh2 h5 32. h4 Nxe4 33. Nxe4 Rxe4 34. Bxe4
Nc5 35. Qxb5 Nxe4 36. Rae1 Bxg4 37. Qxc4 Qe5+ 38. Rf4 f5 39. Rexe4 fxe4 40.
Qxe4 Rxf4 41. Qxf4 Qxc3 42. Qxd6 Qh3+ 43. Kg1 Bf5 44. Qd8+ Kg7 45. Qe7+ Kg8 46.
d6 Qd3 47. Qc7 Qd4+ 48. Kh2 Qe5+ 1/2-1/2

[Event "SR 4. liga A21 2014/2015"]
[Site "?"]
[Date "2015.03.15"]
[Round "11.6"]
[White "Smrek, Peter"]
[Black "Kozinka, Jan"]
[Result "1/2-1/2"]
[WhiteElo "1831"]
[BlackElo "1791"]
[PlyCount "61"]
[EventDate "2014.??.??"]

1. e4 e5 2. Nf3 Nc6 3. Nc3 a6 4. a3 Bc5 5. Bc4 Nge7 6. h3 h6 7. Nd5 d6 8. b4
Ba7 9. Bb2 b5 10. Bb3 O-O 11. d3 Ng6 12. Qd2 f5 13. Nxc7+ Kh8 14. Nxa8 Bb7 15.
O-O-O Qxa8 16. Bd5 Nd4 17. Nxd4 Bxd5 18. Nxf5 Be6 19. g4 Qc6 20. Kb1 Nf4 21. d4
Qxe4 22. dxe5 dxe5 23. Rhe1 Qc4 24. Rxe5 Qa2+ 25. Kc1 Bxf5 26. Rxf5 Rxf5 27.
gxf5 Qc4 28. Qd8+ Kh7 29. f6 Ne2+ 30. Kd2 Qf4+ 31. Kd3 1/2-1/2

[Event "SR 4. liga A21 2014/2015"]
[Site "?"]
[Date "2015.03.15"]
[Round "11.6"]
[White "Bango, Dominik"]
[Black "Madzo, Anton"]
[Result "1-0"]
[WhiteElo "1557"]
[BlackElo "1582"]
[PlyCount "103"]
[EventDate "2014.??.??"]

1. e4 e6 2. d4 d6 3. Nf3 a6 4. Nc3 Bd7 5. Bc4 Be7 6. a3 h6 7. O-O Nf6 8. h3 O-O
9. Be3 Nh7 10. Qd2 Bg5 11. Nxg5 Nxg5 12. Bd3 f5 13. exf5 exf5 14. Rfe1 Nc6 15.
Ne2 Qf6 16. c3 Rae8 17. Nf4 Ne7 18. Qc2 b5 19. a4 c6 20. axb5 axb5 21. Ra7 Be6
22. Nh5 Qg6 23. Bxg5 hxg5 24. Qe2 Bf7 25. Rxe7 Qxh5 26. Qxh5 Bxh5 27. Rxe8 Bxe8
28. Bxf5 g6 29. Bd3 Bf7 30. Re3 Re8 31. Rxe8+ Bxe8 32. b4 Kg7 33. Kh2 Kf6 34.
Kg3 Bd7 35. Kf3 Be6 36. Ke3 d5 $11 37. f4 gxf4+ 38. Kxf4 g5+ 39. Kf3 Bd7 40. g3
Be6 41. h4 gxh4 42. gxh4 Bd7 43. Kf4 Be6 44. h5 Bh3 45. h6 Bg2 46. h7 Kg7 47.
Ke5 Bf3 48. Bf5 Be2 49. Kd6 Bf3 50. Kxc6 Be4 51. Be6 Kxh7 52. Bxd5 1-0

[Event "SR 4. liga A21 2014/2015"]
[Site "?"]
[Date "2015.03.15"]
[Round "11.6"]
[White "Babis, Jozef"]
[Black "Rau, Vladimir"]
[Result "1/2-1/2"]
[WhiteElo "1500"]
[BlackElo "1504"]
[PlyCount "82"]
[EventDate "2014.??.??"]

1. e4 g6 2. d4 Bg7 3. Nf3 Nf6 4. Nc3 d6 5. Be2 O-O 6. O-O Nc6 7. Rb1 e5 8. d5
Ne7 9. h3 Bd7 10. Re1 c6 11. Bg5 cxd5 12. Bxf6 Bxf6 13. exd5 Rc8 14. Ne4 Nf5
15. c4 Be7 16. b3 Qb6 17. Qd2 Rfe8 18. Nh2 Qd4 19. Qd3 Qxd3 20. Bxd3 Nd4 21.
Rf1 f5 22. Nc3 e4 23. Be2 Bf6 24. Bd1 e3 25. Ne2 Nxe2+ 26. Bxe2 Bd4 27. Nf3
exf2+ 28. Rxf2 Bxf2+ 29. Kxf2 Re7 30. Re1 Rce8 31. Bd3 Rxe1 32. Nxe1 Kg7 33.
Nf3 Kf6 34. g3 h5 35. h4 a6 36. a4 b5 37. axb5 axb5 38. cxb5 Rb8 39. Nd4 Ke5
40. Nc6+ Bxc6 41. dxc6 Rc8 1/2-1/2

[Event "SR 4. liga A21 2015/2016"]
[Site "?"]
[Date "2015.10.04"]
[Round "1.1"]
[White "Valla, Tomas"]
[Black "Brunovsky, Peter"]
[Result "1/2-1/2"]
[WhiteElo "1808"]
[BlackElo "1852"]
[PlyCount "25"]
[EventDate "2015.??.??"]

1. b3 Nf6 2. Bb2 e6 3. Nf3 d5 4. e3 Nbd7 5. c4 b6 6. Nc3 Bb7 7. cxd5 exd5 8.
Bb5 Bd6 9. Nd4 a6 10. Bc6 Bxc6 11. Nxc6 Qc8 12. Qf3 Nc5 13. Ke2 1/2-1/2

[Event "SR 4. liga A21 2015/2016"]
[Site "?"]
[Date "2015.10.04"]
[Round "1.1"]
[White "Kanka, Tomas"]
[Black "Kastler, Peter"]
[Result "0-1"]
[WhiteElo "1691"]
[BlackElo "1756"]
[PlyCount "104"]
[EventDate "2015.??.??"]

1. Nf3 d5 2. d4 Nf6 3. g3 b6 4. c3 e6 5. Bg2 Bb7 6. O-O Be7 7. Ne5 Nbd7 8. Nxd7
Qxd7 9. Nd2 c5 10. Nf3 O-O 11. a4 Rac8 12. Ne5 Qc7 13. Bg5 cxd4 14. cxd4 Qd6
15. Bxf6 Bxf6 16. f4 Rc7 17. Qd3 Rfc8 18. a5 Qb4 19. axb6 axb6 20. e3 Bxe5 21.
fxe5 Rc2 22. Qd1 Rxb2 23. Qf3 Rc7 24. Rac1 Qe7 25. Rxc7 Qxc7 26. Bh3 Ba6 27.
Rf2 Qc1+ 28. Bf1 Rxf2 29. Qxf2 Kf8 30. Kg2 Qxf1+ 31. Qxf1 Bxf1+ 32. Kxf1 Ke7
33. Ke2 Kd7 34. Kd3 Kc6 35. Kc3 Kb5 36. Kb3 Ka5 37. h3 b5 38. Ka3 b4+ 39. Kb3
Kb5 40. h4 h5 41. Kc2 Kc4 42. Kb2 b3 43. Kc1 Kc3 44. Kb1 b2 45. e4 dxe4 46. d5
exd5 47. e6 fxe6 48. g4 e3 49. gxh5 e2 50. h6 gxh6 51. h5 e1=Q+ 52. Ka2 Qa1#
0-1

[Event "SR 4. liga A21 2015/2016"]
[Site "?"]
[Date "2015.10.04"]
[Round "1.1"]
[White "Papanek, Lubomir"]
[Black "Vlk, Jaroslav"]
[Result "1-0"]
[WhiteElo "1647"]
[BlackElo "1000"]
[PlyCount "61"]
[EventDate "2015.??.??"]

1. e4 e5 2. Nf3 Nc6 3. Bb5 d6 4. O-O a6 5. Ba4 b5 6. Bb3 h6 7. c3 Bg4 8. h3
Bxf3 9. Qxf3 f6 10. d3 Qd7 11. a4 Na5 12. Bc2 c6 13. b4 Nb7 14. axb5 cxb5 15.
Bb3 Ne7 16. Be3 Nc6 17. Bb6 Qc8 18. Qh5+ Kd7 19. Qf7+ Ne7 20. Be6+ Kc6 21. Bxc8
Kxb6 22. Bxb7 Kxb7 23. Nd2 Kb6 24. Qb3 Nc6 25. Nf3 Be7 26. Rfd1 a5 27. bxa5+
Rxa5 28. Rxa5 Nxa5 29. Qf7 Bf8 30. Ra1 Ka6 31. Rxa5+ 1-0

[Event "SR 4. liga A21 2015/2016"]
[Site "?"]
[Date "2015.10.04"]
[Round "1.1"]
[White "Ralbovsky, Milan"]
[Black "Mraz, Jan"]
[Result "1-0"]
[WhiteElo "1000"]
[BlackElo "1253"]
[PlyCount "79"]
[EventDate "2015.??.??"]

1. e4 e6 2. d4 g6 3. Bd3 b6 4. Be3 Bb7 5. Nd2 f5 6. f3 Bg7 7. Ne2 Ne7 8. c4 O-O
9. b4 d6 10. b5 Nd7 11. Nf4 Kf7 12. Qb3 c5 13. bxc6 Nxc6 14. c5 Qe7 15. exf5
Nd8 16. fxg6+ Kg8 17. gxh7+ Kf7 18. Ng6 Qf6 19. Nxf8 Nxf8 20. Ne4 Bxe4 21. Bxe4
Rb8 22. cxd6 Qh4+ 23. g3 Qh3 24. Rc1 Nxh7 25. Bxh7 Qxh7 26. Rc7+ Kg8 27. d7 Rb7
28. Rxb7 Nxb7 29. Qxe6+ Kh8 30. Qe8+ Qg8 31. Qxg8+ Kxg8 32. O-O Bf6 33. Rc1 Kf7
34. Rc7 Nd8 35. Rxa7 Ke6 36. Kg2 Kd5 37. h4 Ne6 38. Rb7 Kd6 39. Bg5 Bxg5 40.
hxg5 1-0

[Event "SR 4. liga A21 2015/2016"]
[Site "?"]
[Date "2015.10.04"]
[Round "1.2"]
[White "Slaby, Jozef"]
[Black "Podjavorinsky, Michal"]
[Result "0-1"]
[WhiteElo "1825"]
[BlackElo "1819"]
[PlyCount "62"]
[EventDate "2015.??.??"]

1. d4 Nf6 2. c4 g6 3. Nc3 Bg7 4. e4 d6 5. f3 O-O 6. Be3 Nc6 7. a3 a6 8. Bd3 Rb8
9. Nge2 e5 10. d5 Ne7 11. O-O Ne8 12. Bg5 f6 13. Bh4 g5 14. Bf2 f5 15. exf5
Bxf5 16. Ng3 Bxd3 17. Qxd3 Nf6 18. Be3 h6 19. Rac1 Qe8 20. b4 Qg6 21. Qd2 g4
22. f4 Nh5 23. Nge4 exf4 24. Bxf4 Nxf4 25. Rxf4 Rxf4 26. Qxf4 Bd4+ 27. Kh1 Rf8
28. Qd2 Nf5 29. Qe2 Re8 30. Qc2 Ng3+ 31. Nxg3 Qxc2 0-1

[Event "SR 4. liga A21 2015/2016"]
[Site "?"]
[Date "2015.10.04"]
[Round "1.2"]
[White "Miciak, Emanuel"]
[Black "Vagovic, Milan"]
[Result "1-0"]
[WhiteElo "1845"]
[BlackElo "1620"]
[PlyCount "59"]
[EventDate "2015.??.??"]

1. d4 d5 2. c4 Nf6 3. Nc3 c6 4. Bf4 Nbd7 5. e3 e6 6. Bd3 Be7 7. h3 dxc4 8. Bxc4
Nd5 9. Bg3 Bb4 10. Nge2 N7b6 11. Bb3 O-O 12. O-O Bd6 13. Ne4 Bxg3 14. N2xg3 Nd7
15. Bc2 N7f6 16. Rc1 Re8 17. Qd3 g6 18. a3 Kg7 19. f4 a5 20. Ng5 b6 21. Rf2 Ba6
22. Qd2 Rc8 23. e4 Ne7 24. f5 exf5 25. exf5 h6 26. Nxf7 Kxf7 27. Qxh6 Rg8 28.
fxg6+ Rxg6 29. Bxg6+ Nxg6 30. Qh7+ 1-0

[Event "SR 4. liga A21 2015/2016"]
[Site "?"]
[Date "2015.10.04"]
[Round "1.2"]
[White "Slaba, Andrea"]
[Black "Smrek, Peter"]
[Result "0-1"]
[WhiteElo "1651"]
[BlackElo "1808"]
[PlyCount "80"]
[EventDate "2015.??.??"]

1. Nf3 Nc6 2. g3 g6 3. Bg2 Bg7 4. O-O Nf6 5. c4 e5 6. d3 h6 7. Nc3 d6 8. Rb1 a5
9. a3 Bd7 10. b4 axb4 11. axb4 Ra7 12. b5 Ne7 13. Qb3 O-O 14. Nd2 c6 15. Nde4
Nxe4 16. Nxe4 Be6 17. Rd1 d5 18. Nc5 Bc8 19. b6 Ra8 20. Ba3 Nf5 21. e3 d4 22.
e4 Nd6 23. Bb2 f5 24. f3 f4 25. g4 Kh7 26. Ra1 Rxa1 27. Rxa1 h5 28. h3 Qh4 29.
Ba3 Rf6 30. Na4 Nf7 31. Be7 Ng5 32. Bxf6 Bxf6 33. Qc2 Nxh3+ 34. Bxh3 Qxh3 35.
gxh5 Qxf3 36. hxg6+ Kg7 37. Nc5 Bh3 38. Qf2 Qg4+ 39. Kh2 Bh4 40. Qg1 Bg3+ 0-1

[Event "SR 4. liga A21 2015/2016"]
[Site "?"]
[Date "2015.10.04"]
[Round "1.2"]
[White "Madzo, Anton"]
[Black "Pripko, Bystrik"]
[Result "0-1"]
[WhiteElo "1516"]
[BlackElo "1683"]
[PlyCount "60"]
[EventDate "2015.??.??"]

1. c4 e5 2. Nc3 Nf6 3. e4 Nc6 4. Nf3 Bb4 5. a3 Bxc3 6. dxc3 Nxe4 7. Qd5 Nf6 8.
Bg5 O-O 9. Qd1 h6 10. Bh4 Qe7 11. Be2 Qe6 12. Bxf6 Qxf6 13. O-O d6 14. Nd2 Qg6
15. Bf3 Ne7 16. Re1 f5 17. g3 Rb8 18. a4 Qg5 19. h4 Qf6 20. Qe2 g5 21. hxg5
hxg5 22. Kg2 g4 23. Bd5+ Nxd5 24. cxd5 f4 25. Ne4 f3+ 26. Kg1 fxe2 27. Nxf6+
Rxf6 28. Rxe2 Bf5 29. Kg2 Bd3 30. Rd2 Be4+ 0-1

[Event "SR 4. liga A21 2015/2016"]
[Site "?"]
[Date "2015.10.04"]
[Round "1.2"]
[White "Piestansky, Jan"]
[Black "Holan, Jaroslav"]
[Result "0-1"]
[WhiteElo "1658"]
[BlackElo "1467"]
[PlyCount "72"]
[EventDate "2015.??.??"]

1. e4 e6 2. Nf3 Bc5 3. d4 Bb6 4. c3 d5 5. exd5 Qxd5 6. Bd3 Nf6 7. a3 h6 8. c4
Qd6 9. c5 Bxc5 10. dxc5 Qxc5 11. O-O O-O 12. Be3 Qd6 13. Bc2 Nd5 14. Qd3 Nf6
15. Nc3 Qxd3 16. Bxd3 c6 17. Bc5 Rd8 18. Rad1 Nbd7 19. Be3 b6 20. h3 Bb7 21.
Be2 Nd5 22. Nxd5 exd5 23. Bf4 Nf6 24. Nh2 Re8 25. Rfe1 Re4 26. Bg3 Rae8 27. Kf1
d4 28. Bf3 Ba6+ 29. Be2 Bxe2+ 30. Rxe2 Rxe2 31. Rb1 d3 32. f3 Nd5 33. Bf2 Ne3+
34. Bxe3 R8xe3 35. Ng4 Re7 36. Rd1 d2 0-1

[Event "SR 4. liga A21 2015/2016"]
[Site "?"]
[Date "2015.10.04"]
[Round "1.3"]
[White "Curidlo, Jan"]
[Black "Lanik, Miroslav"]
[Result "1/2-1/2"]
[WhiteElo "1879"]
[BlackElo "1906"]
[PlyCount "40"]
[EventDate "2015.??.??"]

1. e4 c5 2. Nf3 d6 3. d4 cxd4 4. Nxd4 Nf6 5. Nc3 a6 6. Be2 e6 7. Be3 Be7 8. f4
Qc7 9. Bf3 Nbd7 10. Qd2 O-O 11. g4 Rb8 12. g5 Ne8 13. f5 Ne5 14. Be2 b5 15. f6
gxf6 16. gxf6 Bxf6 17. Bh6 Bg7 18. Rg1 Kh8 19. Qg5 f6 20. Qe3 Rg8 1/2-1/2

[Event "SR 4. liga A21 2015/2016"]
[Site "?"]
[Date "2015.10.04"]
[Round "1.3"]
[White "Kubik, Peter"]
[Black "Bardik, Jozef"]
[Result "0-1"]
[WhiteElo "1866"]
[BlackElo "1877"]
[PlyCount "66"]
[EventDate "2015.??.??"]

1. e4 c6 2. d4 d5 3. exd5 cxd5 4. Bd3 Nc6 5. Nf3 e6 6. O-O Be7 7. c3 Nf6 8. Bf4
O-O 9. Re1 Nh5 10. Be3 g6 11. Bh6 Re8 12. g4 Ng7 13. Nbd2 a6 14. Bf4 Bd6 15.
Ne5 f6 16. Nxc6 bxc6 17. Qf3 e5 18. Bg3 e4 19. Bxe4 Bxg3 20. hxg3 dxe4 21. Nxe4
f5 22. gxf5 Bxf5 23. Nc5 Qd5 24. Qxd5+ cxd5 25. f4 Kf7 26. b4 Ra7 27. Kf2 Ne6
28. a4 Nxc5 29. dxc5 Rxe1 30. Kxe1 Bd3 31. Kd2 Bc4 32. Ke3 Re7+ 33. Kd4 Re4#
0-1

[Event "SR 4. liga A21 2015/2016"]
[Site "?"]
[Date "2015.10.04"]
[Round "1.3"]
[White "Sedlak, Rastislav"]
[Black "Huska, Branislav"]
[Result "0-1"]
[WhiteElo "1639"]
[BlackElo "1766"]
[PlyCount "62"]
[EventDate "2015.??.??"]

1. e4 c5 2. Nf3 d6 3. d4 cxd4 4. Nxd4 Nf6 5. Nc3 a6 6. Bd3 e5 7. Nf3 Be7 8. Be3
b5 9. Nd5 Nxd5 10. exd5 O-O 11. b4 Qc7 12. O-O Bb7 13. Be2 Nd7 14. a4 Nf6 15.
axb5 axb5 16. Bxb5 Rxa1 17. Qxa1 Nxd5 18. Qb2 Nc3 19. Bd7 Ne2+ 20. Kh1 Qxd7 21.
c3 Bxf3 22. gxf3 Nf4 23. Bxf4 exf4 24. c4 Qh3 25. Qe2 Ra8 26. Re1 Bf8 27. b5
Ra3 28. Rb1 Rxf3 29. b6 Rb3 30. Qe4 f3 31. Rg1 Rxb6 0-1